00785nam a2200217 a 450000100060000000300090000600800410001502000150005604000280007108200160009910000270011524500320014226000370017430000140021150502370022565000180046265000190048065000390049994200120053899900170055015298CO-ViMGA141112s2004 ck r 000 u spa d a9706250271 aCO-ViMGAbspacCO-ViMGA04a574.5 M455e1 aMiller, G.Tyler92222710aEcología y medio ambiente aMexico, cIberoAmérica, c1994 a867.p.il. aLos humanos y la naturaleza Principios y conceptos científicos La población humana Problemas mundiales críticos Administración de recursos La contaminación Medio ambiente y sociedad Conciencia ecológica y ambiental 869 14aECOLOGIA944514aMEDIO AMBIENTE14aPROTECCION - MEDIO AMBIENTE922228 2ddccBK c25659d25659